| 000 | 00604nam a2200181 i 4500 | ||
|---|---|---|---|
| 001 | 100349 | ||
| 003 | ES-MaACL | ||
| 005 | 20230906182646.0 | ||
| 007 | t| | ||
| 008 | 050926s1972 sp ||||1| spa d | ||
| 245 | 0 | 0 |
_aMarxismo y alienación / _cHerbert Aptheker, Sidney Finkelstein, Howard D. Langford; [traducción de Luis del Castillo Aragón]. |
| 260 |
_aBarcelona : _bPenínsula, _c1972. |
||
| 300 |
_a215 p. ; _c19 cm. |
||
| 700 | 1 |
_aAptheker, Herbert. _922130 |
|
| 700 | 1 |
_aCastillo Aragón, Luis del. _936726 |
|
| 852 |
_aES-MaACL _jC-47086 _bR.80615 |
||
| 852 |
_aES-MaACL _jA-10077 _bR.99487 |
||
| 999 |
_c100349 _d100349 |
||